<?xml version="1.0" encoding="UTF-8"?>
<record
    xmlns:xsi="http://www.w3.org/2001/XMLSchema-instance"
    xsi:schemaLocation="http://www.loc.gov/MARC21/slim http://www.loc.gov/standards/marcxml/schema/MARC21slim.xsd"
    xmlns="http://www.loc.gov/MARC21/slim">

  <leader>01295nam a2200181Ia 4500</leader>
  <controlfield tag="008">151202s9999||||xx |||||||||||||| ||und||</controlfield>
  <datafield tag="082" ind1=" " ind2=" ">
    <subfield code="b">PNVM-79959</subfield>
  </datafield>
  <datafield tag="100" ind1=" " ind2=" ">
    <subfield code="a">&#x938;&#x94D;&#x92E;&#x93F;&#x925; &#x905;&#x932;&#x947;&#x915;&#x94D;&#x91D;&#x93E;&#x902;&#x921;&#x930; &#x92E;&#x945;&#x915;&#x94D;&#x915;&#x93E;&#x932; / &#x905;&#x928;&#x941;. &#x91A;&#x93E;&#x902;&#x926;&#x94B;&#x930;&#x915;&#x930; &#x928;&#x940;&#x932;&#x93E;.</subfield>
  </datafield>
  <datafield tag="245" ind1=" " ind2=" ">
    <subfield code="a">&#x926; &#x928;&#x902;&#x92C;&#x930; &#x935;&#x928; &#x932;&#x947;&#x921;&#x93F;&#x91C; &#x921;&#x93F;&#x91F;&#x947;&#x915;&#x94D;&#x91F;&#x93F;&#x935;&#x94D;&#x939; &#x90F;&#x91C;&#x928;&#x94D;&#x938;&#x940;-&#x906;&#x902;&#x924;&#x930;&#x930;&#x93E;&#x937;&#x94D;&#x91F;&#x94D;&#x930;&#x940;&#x92F; &#x92C;&#x947;&#x938;&#x94D;&#x91F; &#x938;&#x947;&#x932;&#x930; &#x92A;&#x941;&#x938;&#x94D;&#x924;&#x915;.</subfield>
  </datafield>
  <datafield tag="260" ind1=" " ind2=" ">
    <subfield code="b">"&#x92E;&#x947;&#x939;&#x924;&#x93E; &#x92A;&#x92C;&#x94D;&#x932;&#x93F;&#x936;&#x93F;&#x902;&#x917; &#x939;&#x93E;&#x90A;&#x938;,&#x92A;&#x941;&#x923;&#x947;."</subfield>
  </datafield>
  <datafield tag="260" ind1=" " ind2=" ">
    <subfield code="c">2009</subfield>
  </datafield>
  <datafield tag="300" ind1=" " ind2=" ">
    <subfield code="a">226</subfield>
  </datafield>
  <datafield tag="600" ind1=" " ind2=" ">
    <subfield code="a">&#x938;&#x94D;&#x92E;&#x93F;&#x925; &#x905;&#x932;&#x947;&#x915;&#x94D;&#x91D;&#x93E;&#x902;&#x921;&#x930; &#x92E;&#x945;&#x915;&#x94D;&#x915;&#x93E;&#x932; / &#x905;&#x928;&#x941;. &#x91A;&#x93E;&#x902;&#x926;&#x94B;&#x930;&#x915;&#x930; &#x928;&#x940;&#x932;&#x93E;.</subfield>
  </datafield>
  <datafield tag="630" ind1=" " ind2=" ">
    <subfield code="a">&#x926; &#x928;&#x902;&#x92C;&#x930; &#x935;&#x928; &#x932;&#x947;&#x921;&#x93F;&#x91C; &#x921;&#x93F;&#x91F;&#x947;&#x915;&#x94D;&#x91F;&#x93F;&#x935;&#x94D;&#x939; &#x90F;&#x91C;&#x928;&#x94D;&#x938;&#x940;-&#x906;&#x902;&#x924;&#x930;&#x930;&#x93E;&#x937;&#x94D;&#x91F;&#x94D;&#x930;&#x940;&#x92F; &#x92C;&#x947;&#x938;&#x94D;&#x91F; &#x938;&#x947;&#x932;&#x930; &#x92A;&#x941;&#x938;&#x94D;&#x924;&#x915;.</subfield>
  </datafield>
  <datafield tag="700" ind1=" " ind2=" ">
    <subfield code="a">&#x938;&#x94D;&#x92E;&#x93F;&#x925; &#x905;&#x932;&#x947;&#x915;&#x94D;&#x91D;&#x93E;&#x902;&#x921;&#x930; &#x92E;&#x945;&#x915;&#x94D;&#x915;&#x93E;&#x932; / &#x905;&#x928;&#x941;. &#x91A;&#x93E;&#x902;&#x926;&#x94B;&#x930;&#x915;&#x930; &#x928;&#x940;&#x932;&#x93E;.</subfield>
  </datafield>
  <datafield tag="730" ind1=" " ind2=" ">
    <subfield code="a">&#x926; &#x928;&#x902;&#x92C;&#x930; &#x935;&#x928; &#x932;&#x947;&#x921;&#x93F;&#x91C; &#x921;&#x93F;&#x91F;&#x947;&#x915;&#x94D;&#x91F;&#x93F;&#x935;&#x94D;&#x939; &#x90F;&#x91C;&#x928;&#x94D;&#x938;&#x940;-&#x906;&#x902;&#x924;&#x930;&#x930;&#x93E;&#x937;&#x94D;&#x91F;&#x94D;&#x930;&#x940;&#x92F; &#x92C;&#x947;&#x938;&#x94D;&#x91F; &#x938;&#x947;&#x932;&#x930; &#x92A;&#x941;&#x938;&#x94D;&#x924;&#x915;.</subfield>
  </datafield>
  <datafield tag="942" ind1=" " ind2=" ">
    <subfield code="c">BOOK</subfield>
  </datafield>
  <datafield tag="999" ind1=" " ind2=" ">
    <subfield code="c">1344568</subfield>
    <subfield code="d">1344565</subfield>
  </datafield>
  <datafield tag="952" ind1=" " ind2=" ">
    <subfield code="0">0</subfield>
    <subfield code="1">0</subfield>
    <subfield code="4">0</subfield>
    <subfield code="7">0</subfield>
    <subfield code="a">PNVM</subfield>
    <subfield code="b">PNVM</subfield>
    <subfield code="d">2015-09-09</subfield>
    <subfield code="g">200.00</subfield>
    <subfield code="l">0</subfield>
    <subfield code="o">PNVM-79959</subfield>
    <subfield code="p">PNVM-79959</subfield>
    <subfield code="r">2015-12-02 00:00:00</subfield>
    <subfield code="v">200.00</subfield>
    <subfield code="w">2015-12-02</subfield>
    <subfield code="y">BOOK</subfield>
  </datafield>
</record>
